Business Accounting (Record no. 3820)

MARC details
005 - DATE AND TIME OF LATEST TRANSACTION
control field 20250612084114.0
020 ## - INTERNATIONAL STANDARD BOOK NUMBER
International Standard Book Number 978-1-292-20917-3
082 ## - DEWEY DECIMAL CLASSIFICATION NUMBER
Classification number 657 WOO
100 ## - MAIN ENTRY--PERSONAL NAME
Author name WOOD'S , F.
245 ## - TITLE STATEMENT
Title Business Accounting
250 ## - EDITION STATEMENT
Edition statement 14th Ed.
260 ## - PUBLICATION, DISTRIBUTION, ETC.
Place of publication, distribution, etc. New York,
Name of publisher, distributor, etc. Pearson,
Date of publication, distribution, etc. 2018.
300 ## - PHYSICAL DESCRIPTION
Extent xix, 654p.: Ill.; figures.
Other physical details Bibliographical references & Index
Dimensions 24cm.
700 ## - ADDED ENTRY--PERSONAL NAME
Other authors/Editors SANGSTER, A.
942 ## - ADDED ENTRY ELEMENTS (KOHA)
Source of classification or shelving scheme Dewey Decimal Classification
Koha item type Books
Holdings
Date last seen Total checkouts Full call number Barcode Cost, replacement price Price effective from Koha item type Lost status Source of classification or shelving scheme Damaged status Not for loan Withdrawn status Home library Current library Shelving location Date acquired Cost, normal purchase price
06/12/2025   657 WOO 00000012427 453759.00 06/12/2025 Books   Dewey Decimal Classification       College of Business Education Main Library College of Business Education Main Library General Collection 09/17/2024 151253.00
06/12/2025   657 WOO 00000012428 453759.00 06/12/2025 Books   Dewey Decimal Classification       College of Business Education Main Library College of Business Education Main Library General Collection 09/17/2024 151253.00
06/12/2025   657 WOO 00000012429 453759.00 06/12/2025 Books   Dewey Decimal Classification       College of Business Education Main Library College of Business Education Main Library General Collection 09/17/2024 151253.00
06/12/2025   657 WOO 00000012430 453759.00 06/12/2025 Books   Dewey Decimal Classification       College of Business Education Main Library College of Business Education Main Library General Collection 09/17/2024 151253.00
07/10/2025   657 WOO 00000013250 216000.00 07/10/2025 Books   Dewey Decimal Classification       College of Business Education Main Library College of Business Education Main Library General Collection 06/26/2025 72000.00
07/10/2025   657 WOO 00000013251 216000.00 07/10/2025 Books   Dewey Decimal Classification       College of Business Education Main Library College of Business Education Main Library General Collection 06/26/2025 72000.00
07/10/2025   657 WOO 00000013252 216000.00 07/10/2025 Books   Dewey Decimal Classification       College of Business Education Main Library College of Business Education Main Library General Collection 06/26/2025 72000.00
07/10/2025   657 WOO 00000013253 216000.00 07/10/2025 Books   Dewey Decimal Classification       College of Business Education Main Library College of Business Education Main Library General Collection 06/26/2025 72000.00